Statistics for Top 10 most important and famous people from Kentucky and WestVirginia

Click here to take the quiz!

General Stats

  • This quiz has been taken 53 times
  • The average score is 7 of 10

Answer Stats

HintAnswer% Correct
President who abolished slaveryAbraham Lincoln
100%
The best boxer of all times and activistMuhammad Ali
95%
Actor famous for his roles in Pirates of Caribbean saga and Charlie and the Chocolate FactoryJohnny Depp
92%
Actor famous for his roles in Ocean's Eleven and GravityGeorge Clooney
76%
Actress famous for her roles in Hunger Games and Red Sparrow, winner of Academy Award in 2013Jennifer Lawrence
76%
President of the Confederate StatesJefferson Davis
70%
Television host, producer, actor and comedian. He hosts a famous Morning Show, Family Feud and Celebrity Family FeudSteve Harvey
65%
Female country music singer and songwriter, I'm a Honky Tonk Girl, Don't Come Home A-Drinkin' (With Lovin' on Your Mind), One's on the Way, Fist City and Coal Miner's DaughterLoretta Lynn
54%
American football player who played in NFL for 14 seasons with the Minnesota Vikings, Oakland Raiders, New England Patriots, Tennessee Titans and San Francisco 49ers in 2000sRandy Moss
30%
Mathematician who made fundamental contributions to game theory, real algebraic geometry, differential geometry, and partial differential equations. Winner of Nobel Prize in Economic Sciences in 1994John Forbes Nash Jr.
16%

Score Distribution

Percentile by Number Answered

Percent of People with Each Score

Your Score History

You have not taken this quiz